
Library Catalogue

| 000 -LEADER | |
|---|---|
| fixed length control field | 01550nam a2200229Ia 4500 |
| 003 - CONTROL NUMBER IDENTIFIER | |
| control field | OSt |
| 005 - DATE AND TIME OF LATEST TRANSACTION | |
| control field | 20210929111552.0 |
| 008 - FIXED-LENGTH DATA ELEMENTS--GENERAL INFORMATION | |
| fixed length control field | 160316s1998 xxu||||| |||| 00| 0 eng d |
| 020 ## - INTERNATIONAL STANDARD BOOK NUMBER | |
| International Standard Book Number | 0406996822 |
| 040 ## - CATALOGING SOURCE | |
| Transcribing agency | . |
| 082 ## - DEWEY DECIMAL CLASSIFICATION NUMBER | |
| Classification number | 340.42 WAL |
| Item number | WAL |
| 100 ## - MAIN ENTRY--PERSONAL NAME | |
| Personal name | Walker R J |
| 245 ## - TITLE STATEMENT | |
| Title | The English legal system |
| 250 ## - EDITION STATEMENT | |
| Edition statement | 8th |
| 260 ## - PUBLICATION, DISTRIBUTION, ETC. | |
| Place of publication, distribution, etc. | London |
| Name of publisher, distributor, etc. | Butterworths |
| Date of publication, distribution, etc. | 1998 |
| 300 ## - PHYSICAL DESCRIPTION | |
| Extent | 610p |
| Dimensions | xxxi |
| 365 ## - TRADE PRICE | |
| Price amount | RS.1,927 |
| 505 ## - FORMATTED CONTENTS NOTE | |
| Formatted contents note | Contents;<br/>Preface;<br/>Table Of Statutes ;<br/>Table Of EC Legislation ;<br/>List Of Cases;<br/>Part-1 <br/>Source Of English Law;<br/>Ch-1 ; Introductory Issues;<br/>Ch-2; Legislation;<br/> Ch-3; Law Reports And Precedents;<br/>Ch-4; Textbooks;<br/>Ch-5; The European Community And European Union;<br/>Ch-6; European Convention On Human Rights;<br/>Part; Ii; The Administration Of Justice;<br/>Ch-7; The Royal Prerogative And Judicial Review;<br/>Ch-8; The Courts;<br/>Ch-9; Tribunals And Inquiries;<br/>Ch-10; The Judiciary<br/>Ch-11; Juries;<br/>Ch-12; The Legal Profession;<br/>Ch-13; Legal Aid And Advice;<br/>Ch-14; The Police And Law Enforcement;<br/>Part-Iii; Civil Procedure;<br/>Ch-15; Resolution Or Civil Disputes;<br/>Ch-16; Commencing Proceedings;<br/>Ch-17; High Court Actions;<br/>Ch-18 County Court Proceedings;<br/>Ch -19; Costs;<br/>Ch-20; Civil Appeals;<br/>Part-IV<br/>Criminal Proceedings;<br/>Ch-21 Criminal Proceedings;<br/>Ch-22 Trial Of An Indicatable Offence;<br/>Ch-23 Sentences;<br/>Ch-24 Appeal Following Trial On Indictment;<br/>Ch-25 Summary Procedure And Appeals<br/>Index<br/><br/> |
| 650 ## - SUBJECT ADDED ENTRY--TOPICAL TERM | |
| Topical term or geographic name entry element | 1. English Legal System2. Legal System - U K |
| 700 ## - ADDED ENTRY--PERSONAL NAME | |
| Personal name | Walker M G |
| -- | |
| 942 ## - ADDED ENTRY ELEMENTS (KOHA) | |
| Source of classification or shelving scheme | Dewey Decimal Classification |
| Koha item type | BOOKs |
| Withdrawn status | Lost status | Damaged status | Not for loan | Home library | Current library | Shelving location | Date acquired | Cost, normal purchase price | Total Checkouts | Full call number | Barcode | Date last seen | Price effective from | Koha item type |
|---|---|---|---|---|---|---|---|---|---|---|---|---|---|---|
| . | . | Library Compactors | 30.05.2017 | 1927.00 | 340.42 WAL | 18944 | 30.05.2017 | 30.05.2017 | BOOKs |